Statistiche per Siti UNESCO in Italia

Clicka qui per fare il quiz!

Statistiche generali

  • Questo quiz è stato fatto 86 volte
  • Il punteggio medio è 19 su 58

Statistiche sulle risposte

Anno di inserimentoRegioneTipologiaSito% Corretto
1980LazioCulturaleCentro storico di Roma, le proprietà extraterritoriali della Santa Sede e la basilica di San Paolo fuori le mura
93%
1982ToscanaCulturaleCentro storico di Firenze
84%
1987ToscanaCulturalePiazza del Duomo, Pisa
81%
1987VenetoCulturaleVenezia e la sua laguna
79%
1995CampaniaCulturaleCentro storico di Napoli
74%
2000VenetoCulturaleCittà di Verona
69%
1993BasilicataCulturaleI Sassi e il parco delle chiese rupestri di Matera
69%
1997SiciliaCulturaleArea archeologica di Agrigento
64%
2015SiciliaCulturalePalermo arabo-normanna e le cattedrali di Cefalù e Monreale
62%
1995ToscanaCulturaleCentro storico di Siena
60%
1997CampanaiaCulturaleAree archeologiche di Pompei, Ercolano e Torre Annunziata
55%
1996PugliaCulturaleI trulli di Alberobello
55%
2009Friuli-Venezia Giulia/Veneto/Trentino-Alto AdigeNaturaleLe Dolomiti
55%
1996Emilia-RomagnaCulturaleMonumenti paleocristiani di Ravenna
48%
1994VenetoCulturaleCittà di Vicenza e le ville palladiane del Veneto
47%
1997LiguriaCulturalePortovenere, Cinque Terre e le isole (Palmaria, Tino e Tinetto)
47%
2000UmbriaCulturaleAssisi, la basilica di San Francesco e altri siti francescani
45%
1997SardegnaCulturaleSu Nuraxi
45%
1995Emilia-RomagnaCulturaleFerrara, città del Rinascimento, e il suo delta del Po
40%
1997CampaniaCulturalePalazzo reale di Caserta con il parco, l'acquedotto di Vanvitelli e il complesso di San Leucio
38%
1997Emilia-RomagnaCulturaleCattedrale, Torre Civica e Piazza Grande, Modena
36%
2011Campania/Friuli-Venezia Giulia/ Lombardia/Puglia/UmbriaCulturaleLongobardi in Italia: i luoghi del potere
36%
2002SiciliaCulturaleCittà tardo barocche del Val di Noto
33%
2021Emilia-RomagnaCulturaleI portici di Bologna
33%
2008LombardiaCulturaleMantova e Sabbioneta
33%
2005SiciliaCulturaleSiracusa e la necropoli di Pantalica
33%
2013SiciliaNaturaleMonte Etna
29%
1997PiemonteCulturaleResidenze della Casa Reale di Savoia
29%
1979LombardiaCulturaleIncisioni rupestri della Val Camonica
28%
1998CampaniaCulturaleParco nazionale del Cilento e Vallo di Diano con i siti archeologici di Paestum e Velia e la certosa di Padula
28%
1990ToscanaCulturaleCentro storico di San Gimignano
26%
1997CampaniaCulturaleCostiera amalfitana
26%
1998MarcheCulturaleCentro storico di Urbino
22%
1980LombardiaCulturaleChiesa e convento domenicano di Santa Maria delle Grazie con l'Ultima cena di Leonardo da Vinci
22%
2014PiemonteCulturalePaesaggio vitivinicolo del Piemonte: Langhe-Roero e Monferrato
22%
1996PugliaCulturaleCastel del Monte
19%
1998Friuli Venezia GiuliaCulturaleArea archeologica e basilica patriarcale di Aquileia
17%
1996ToscanaCulturaleCentro storico di Pienza
17%
2021VenetoCulturaleCicli di affreschi del XIV secolo di Padova
17%
2004ToscanaCulturaleVal d'Orcia
17%
2000SiciliaNaturaleIsole Eolie
16%
2011Friuli-Venezia Giulia/Lombardia/Piemonte/Veneto/Trentino-Alto AdigeCulturaleSiti palafitticoli preistorici attorno alle Alpi
16%
2001LazioCulturaleVilla d'Este a Tivoli
16%
2004LazioCulturaleNecropoli etrusche di Cerveteri e Tarquinia
14%
2003Piemonte/LombardiaCulturaleSacri Monti del Piemonte e della Lombardia
14%
1999LazioCulturaleVilla Adriana a Tivoli
14%
2018PiemonteCulturaleIvrea, città industriale del XX secolo
12%
2017Friuli-Venezia Giulia/Lombardia/VenetoCulturaleOpere di difesa veneziane tra XVI e XVII secolo: Stato da Terra-Stato da Mar occidentale
12%
2021ToscanaCulturaleGrandi città termali d'Europa
10%
2019VenetoCulturaleLe colline del Prosecco di Conegliano e Valdobbiadene
10%
1997SiciliaCulturaleVilla romana del Casale di Piazza Armerina
10%
1995LombardiaCulturaleCrespi d'Adda
9%
2008LombardiaCulturaleFerrovia Retica nei paesaggi dell'Albula e del Bernina
9%
2006LiguriaCulturaleLe Strade Nuove e il sistema dei palazzi dei Rolli di Genova
9%
1997VenetoCulturaleOrto botanico di Padova
9%
2013ToscanaCulturaleVille e giardini medicei in Toscana
9%
2010LombardiaNaturaleMonte San Giorgio
5%
2017Abruzzo/Basilicata/Calabria/Emilia-Romagna/Lazio/PugliaNaturaleFaggete primordiali dei Carpazi e di altre regioni d'Europa
3%

Distribuzione punteggi

Percentile per numero di risposta

Percentuale di utenti per punteggio

I tuoi punteggi nel tempo

Non hai fatto questo quiz